00573pab a2200169 454500008003600000100002000036245008500056300001400141650002800155650002300183650001300206700001900219773003200238909001000270999001700280952010600297180718b xxu||||| |||| 00| 0 eng d aMallikarjun, M. aEconomic reforms and technical efficiency: a study of selected Indian industries ap.559-68. aEconomic reform - India aIndia - Industries aIndustry aThakar, Kasyap aIndian Journal of Economics a53945 c53945d53945 00104070aIIPAbIIPAd2018-07-19hVolume no: 82, Issue no: 327pAR54390r2018-07-19w2018-07-19yAR